LEADER 01136cam a2200301 a 4500 001 000000148143 003 CaOOAMICUS 005 20151214133049.0 008 151214s2014 it 0000u ita r 020 $a978-88-348-4933-0* 032 $aLibriCat 040 $aPUL$bita 082 04$a341 100 1 $aCannizzaro, Enzo.$0(OLS)http://pul/name/39392 245 10$aDiritto internazionale /$cEnzo Cannizzaro. 250 $a2. ed. 260 $aTorino :$bG. Giappichelli,$cİ2014. 300 $aXIX, 521 p. ;$c24 cm. 504 $aBibliografia in nota. 650 4$aDiritto internazionale$xManuali e compendi.$0(OLS)http://pul/subject/26810 850 $aPUL 852 $aPUL$W1$xDP2 Diritto e Scienze Sociali 3$y110$m341 CANEN 1$j170893$qDDC 21$B171977$CPULBib$Z2$F171977 $H126761 $82 941 1 $a9 996 $6020$a978-88-348-4933-0*$9(OLS)http://pul/number/159297 996 $6082$a341$9(OLS)http://pul/classification/387 996 $6245$aDiritto internazionale$9(OLS)http://pul/title/54313 996 $6260$aTorino :$bG. Giappichelli$9(OLS)http://pul/publisher/49130 LEADER 01501nam a2200349 a 4500 001 000000173113 003 CaOOAMICUS 005 20200129124349.0 008 200129t2019 it kdf u000 u ita r 020 $a978-88-96973-38-7* 032 $aLibriCat 040 $aPUL$bita 082 04$a172.42 100 1 $aGreco, Pietro,$d1955-2020.$0(OLS)http://pul/name/74198 245 10$aEinstein aveva ragione : $bmezzo secolo di impegno per la pace / $cPietro Greco. 260 $aMilano :$bScienza Express edizioni,$cİ2012. 300 $a301 p.;$b$c21 cm 440 0$aPresa diretta 504 $aBibliografia in nota. 650 4$aPace$xAspetti sociali.$0(OLS)http://pul/subject/45887 650 4$aEtica politica.$0(OLS)http://pul/subject/17437 650 4$aGuerra$xAspetti sociali.$0(OLS)http://pul/subject/36179 830 0$aPresa diretta$b(Scienza Express).$0(OLS)http://pul/title/214172 850 $aPUL 852 $aPUL$W1$xSL Filosofia 3$y81$m172. 42 GREPI 1$j197087$qDDC 21$B201875$CPULBib$Z2$F201875 $H133858 $82 941 1 $a9 996 $6020$a978-88-96973-38-7*$9(OLS)http://pul/number/167109 996 $6082$a172.42$9(OLS)http://pul/classification/3266 996 $6245$aEinstein aveva ragione : $bmezzo secolo di impegno per la pace / $9(OLS)http://pul/title/214170 996 $6440$aPresa diretta $9(OLS)http://pul/title/214173 996 $6260$aMilano :$bScienza Express edizioni$9(OLS)http://pul/publisher/87254